000 00395cam a22001217a 4500
008 180718b1984 xxu||||| |||| 00| 0 eng d
082 _aY73x5465 T449
100 _aTikader, B.K.
245 _aBirds of Andaman & Nicobar islands
_cby B.K. Tikader
260 _aCalcutta
_bZoological Survey of India
_c1984
300 _a167p.
650 _aBirds --India --Andaman and Nicobar Islands --Identification
999 _c400224
_d400224